Camino de ecos: introducción a las ideas políticas de Octavio Paz

Uloženo v:
Podrobná bibliografie
Hlavní autor: Salgado, Dante (Autor)
Médium: Kniha
Jazyk:španělština
Vydáno: Ciudad de México Praxis 2002
Vydání:1a. ed
Edice:Colección Memoria de Papel
Témata:
Tagy: Přidat tag
Žádné tagy, Buďte první, kdo vytvoří štítek k tomuto záznamu!

MARC

LEADER 00000nam a2200000 a 4500
001 UCI7501
003 CL-VaPUC
005 20240403093509.0
008 080703e20020000MX |||||||||||||||||spa|d
999 |c 330758  |d 330756 
020 |a 9706821309 
040 |c Pontificia Universidad Católica de Valparaíso 
082 0 4 |a Me864  |b SAL  |2 21 
100 0 |a Salgado, Dante  |e author  |9 530754 
245 1 0 |a Camino de ecos: introducción a las ideas políticas de Octavio Paz 
250 |a 1a. ed 
260 |a Ciudad de México  |b Praxis  |c 2002 
300 |a 160 p 
490 0 |a Colección Memoria de Papel 
583 |a last modification  |c 20080703 00:00:00  |k Rodrigo Vera 
600 |a Paz, Octavio  |d 1914-1998  |x Crítica e interpretación   |9 881027 
650 7 |a ENSAYOS MEXICANOS  |2 CL-VaPUC  |9 315571 
650 0 |a Ideologías políticas   |9 255735 
650 0 |a Escritores  |9 313723 
650 0 |a Poesía   |9 265825 
942 |c BK  |2 ddc 
945 |d 20080703 00:00:00  |a jtorresc 
952 |0 0  |1 0  |4 0  |6 ME_864_000000000000000_SAL_2002  |7 0  |8 A  |9 416519  |a BIBEDU  |b BIBEDU  |d 2019-11-22  |i 4454804  |o Me864 SAL 2002  |p 4454804  |r 2019-11-22  |w 2019-11-22  |y BK  |k LIT